00646nam a22002177a 450000100060000000300080000600500170001400800410003103500190007204000260009104100080011708200240012510000310014924500930018025000120027326000310028530000210031650400200033765100340035770000370039133346BD-RjUL20211209052006.0140507s1968 pk 001 0 eng d a(BD-RjUL)33437 aBD-RjULbengcBD-RjUL aeng a309.15491bCHP 19681 aChaudhury, Mohammad Iqbal. aPakistani society :ba sociological analysis /cby M Iqbal Choudhry; Mushtaq Ahmed Khan. a2nd ed. aLahore :bNoorsons,c1968. a391 p. ;c23 cm. aIncludes index. 0aPakistanvSocial conditions. 1 aKhan, Mushtaq Ahmed. [joint au.]